[Event "17th Padova Open 2014"]
[Site "Padova ITA"]
[Date "2014.12.14"]
[Round "1.5"]
[White "Mileto, Gabriele"]
[Black "Gabuzyan, Hovhannes"]
[Result "0-1"]
[BlackTitle "GM"]
[WhiteElo "2175"]
[BlackElo "2565"]
[WhiteFideId "801755"]
[BlackFideId "13303732"]
[EventDate "2014.12.14"]

1. c4 Nf6 2. g3 c6 3. Bg2 d5 4. Nf3 Bf5 5. cxd5 cxd5 6. Qb3 Qd7 7. Ne5 Qc7 8.
Nc3 Nc6 9. Nxc6 bxc6 10. d4 e6 11. O-O Rb8 12. Qd1 0-1

[Event "17th Padova Open 2014"]
[Site "Padova ITA"]
[Date "2014.12.14"]
[Round "1.8"]
[White "Godena, Michele"]
[Black "Sorbera, Giovanni"]
[Result "1-0"]
[WhiteTitle "GM"]
[WhiteElo "2495"]
[BlackElo "2166"]
[WhiteFideId "800090"]
[BlackFideId "841455"]
[EventDate "2014.12.14"]

1. e4 c5 2. c3 d5 3. exd5 Qxd5 4. d4 Nc6 5. Nf3 Bg4 6. Be2 e6 7. h3 Bh5 8. c4
Qd7 9. g4 cxd4 10. gxh5 e5 11. Nh4 f5 12. Nc3 Be7 1-0

[Event "17th Padova Open 2014"]
[Site "Padova ITA"]
[Date "2014.12.14"]
[Round "1.12"]
[White "Bruno, Fabio"]
[Black "Goossens, Hanne"]
[Result "1/2-1/2"]
[WhiteTitle "IM"]
[BlackTitle "WFM"]
[WhiteElo "2437"]
[BlackElo "2090"]
[WhiteFideId "801038"]
[BlackFideId "200468"]
[EventDate "2014.12.14"]

1. d4 Nf6 2. Nf3 c5 3. e3 g6 4. c4 cxd4 5. exd4 Bg7 6. Nc3 O-O 7. Bg5 d6 8. Be2
Bf5 9. O-O Ne4 10. Nxe4 Bxe4 11. Qd2 Nc6 12. Rfe1 Re8 13. Rad1 Bxf3 14. Bxf3
Nxd4 15. Bxb7 Rb8 16. Bd5 Rxb2 17. Qxb2 Nf3+ 18. Bxf3 Bxb2 19. Bc6 f6 20. Bh6
Kf7 21. Rb1 Be5 22. Be3 Qc8 23. Bxe8+ Qxe8 24. f4 Bc3 25. Rec1 Ba5 26. Rb5 Bb6
27. Bxb6 axb6 28. Rxb6 Qa4 29. Rb7 Qa6 30. Rb2 Qa3 31. Rcb1 Qc5+ 32. Rf2 Qxc4
33. Re1 Qd4 34. h3 h5 35. Re2 h4 36. Rd2 Qe4 37. Kh2 Qb4 38. Rd3 Qe4 39. Rff3
Qc4 40. a3 d5 41. a4 Qxa4 42. Rxd5 Qe4 43. Rd1 Qa4 44. Re1 Qb4 45. Rff1 f5 46.
Kh1 Kf6 47. Rb1 Qe4 48. Rb6+ Kf7 49. Rb8 Kg7 50. Rc8 Qb4 51. Rd8 Qe4 52. Rb8 Kf7
53. Rb3 Kg7 54. Rff3 Kf7 55. Rb5 Qc4 56. Re5 Kf8 57. Re1 Kf7 58. Rfe3 Qxf4 59.
Rxe7+ Kf6 60. Rb7 Kg5 61. Rb6 Qf2 62. Reb1 Qf4 63. Re6 Qc4 64. Rd6 Qf4 65. Rbd1
Qe5 66. R6d5 Qe2 67. R5d2 Qe5 68. Rd3 Qe2 69. Kg1 Qe5 70. Kf2 Qf4+ 71. Rf3 Qc4
72. Kg1 Qe4 73. Kh1 Qe2 74. Rff1 Qe4 75. Rde1 Qb4 76. Rg1 Qf4 77. Re2 Qc4 78.
Re3 Qd4 79. Rge1 Qf4 80. Rf3 Qd2 81. Ref1 1/2-1/2

[Event "17th Padova Open 2014"]
[Site "Padova ITA"]
[Date "2014.12.16"]
[Round "4.11"]
[White "Pescatore, Lorenzo"]
[Black "Bonafede, Alessandro"]
[Result "0-1"]
[BlackTitle "FM"]
[WhiteElo "2234"]
[BlackElo "2339"]
[WhiteFideId "839302"]
[BlackFideId "813826"]
[EventDate "2014.12.14"]

1. e4 g6 2. d4 Bg7 3. Nf3 c6 4. Nc3 d5 5. h3 Nh6 6. Bd3 f6 7. O-O Nf7 8. exd5
cxd5 9. Ne2 e5 10. dxe5 fxe5 11. Bb5+ Nc6 12. c4 d4 13. Ng3 O-O 14. Re1 Qc7 15.
Ne4 Na5 16. c5 Be6 17. b3 Bd5 18. Bd3 Bxe4 19. Bxe4 Qxc5 20. b4 Qxb4 21. Bd2 Qb6
22. Qa4 Nc6 23. Rab1 Qc7 24. Qb3 Rab8 25. Ng5 Nd8 26. Bd5 h6 27. Bxf7+ Rxf7 28.
Nxf7 Qxf7 29. f4 Qxb3 30. Rxb3 Kf7 31. fxe5 Ke6 32. Rg3 g5 33. h4 Nf7 34. hxg5
hxg5 35. Bxg5 Bxe5 36. Bf4 Kd5 37. Bxe5 Nxe5 38. Ra3 Nc6 39. Rb3 b5 40. Rg3 Ne5
41. Ra3 Rb7 42. Kf1 Rf7+ 43. Ke2 Rg7 44. Kf1 Nc4 45. Rd3 a5 46. Re8 Nd6 47. Re1
b4 48. Rh3 Rg5 49. a3 Ne4 50. axb4 axb4 51. Rd3 Rf5+ 52. Kg1 Nc3 53. Re8 Kc4 54.
Rd2 Rd5 55. Rc8+ Kb3 56. g4 d3 57. Kf1 Ne4 58. Ke1 Nd6 59. Rc1 Nc4 60. Rb1+ Kc3
61. Rc1+ Kd4 62. Rb1 Re5+ 63. Kd1 Nxd2 64. Kxd2 Re2+ 65. Kd1 Kc3 66. Rc1+ Rc2
67. g5 0-1